000 00580nam a22001817a 4500
003 UA-OsUOA
001 13803
007 ta
008 20030622b un ||||| |||| 00| 0 ukr d
100 _aПрисяжнюк В.
942 _cSA
040 _aUA-OsUOA
_cUA-OsUOA
_dUA-OsUOA
245 _aТаке солодке слово Перемога
_b[ Про спідвейну команду"Україна" м Рівного]
300 _aС.11
955 _a0
773 0 _w0
_tОго
_dРівне
_d2003
_g№101/12 черв./
650 7 _aКраєзнавча робота
_2UDC
999 _c299964
_d299964